logo

Bir Sreshtho Munshi Abdur Rouf Library
Jhenaidah Cadet College

খতমে তারাবীহতে পবিত্র কোরআন এর এক ঝলক / (Record no. 5532)

MARC details
000 -LEADER
fixed length control field 00660nam a2200205 a 4500
001 - CONTROL NUMBER
JCCL Control Number 5532
003 - CONTROL NUMBER IDENTIFIER
JCCL marc code BD-JhCC
005 - DATE AND TIME OF LATEST TRANSACTION
control field 20171217192703.0
008 - FIXED-LENGTH DATA ELEMENTS--GENERAL INFORMATION
fixed length control field 171217b2016 bg |||| ||a| 000 0 ben d
035 ## - SYSTEM CONTROL NUMBER
system control number (BD-JhCC)5532
040 ## - CATALOGING SOURCE
Original cataloging agency BD-JhCC
Modifying agency BD-JhCC
041 ## - LANGUAGE CODE
Language code of Book ben
082 ## - DEWEY DECIMAL CLASSIFICATION NUMBER
Classification number 297.1226
Author mark and Year 2016
245 ## - TITLE STATEMENT
Title খতমে তারাবীহতে পবিত্র কোরআন এর এক ঝলক /
Statement of responsibility, etc সিলেট ক্যাডেট কলেজ
260 ## - PUBLICATION, DISTRIBUTION, ETC. (IMPRINT)
Place of publication, distribution, etc সিলেট :
Name of publisher, distributor, etc সিলেট ক্যাডেট কলেজ,
Date of publication, distribution, etc 2016.
300 ## - PHYSICAL DESCRIPTION
Pagination 82 p. :
Dimensions 21 cm.
650 ## - SUBJECT ADDED ENTRY--TOPICAL TERM
Topical term or geographic name as entry element Quran
General subdivision Bengali
942 ## - ADDED ENTRY ELEMENTS (KOHA)
Source of classification or shelving scheme Dewey Decimal Classification
Koha item type Books
Holdings
Source of classification or shelving scheme Damaged status Not for loan Home library Current library Shelving location Date of accession Full call number Barcode Date last seen Copy number Method of acquisition Koha item type Total Checkouts Currency
Dewey Decimal Classification     JCC Rouf Library JCC Rouf Library General Stacks 12/17/2017 297.1226 KHT 2016 7663 12/17/2017 C-1 Gift/Donation Books    
Dewey Decimal Classification     JCC Rouf Library JCC Rouf Library General Stacks 12/17/2017 297.1226 KHT 2016 7662 12/17/2017 C-2 Gift/Donation Books    
Dewey Decimal Classification     JCC Rouf Library JCC Rouf Library General Stacks   297.1226 KHT 2016 19389 05/11/2024 C-3 Purchase Books   BDT
Dewey Decimal Classification     JCC Rouf Library JCC Rouf Library General Stacks   297.1226 KHT 2016 19390 05/11/2024 C-4 Purchase Books   BDT
Dewey Decimal Classification     JCC Rouf Library JCC Rouf Library General Stacks   297.1226 KHT 2016 19594 05/11/2024 C-5 Purchase Books   BDT

JCC Library | Contacts | JCC Home

Last Update on 23 September 2017
Copyright @ 2017-2020 JCC Rouf Library
Rouf Library, Jhenidah Cadet College (JCC), Bangladesh